| 000 | 00496nam a2200169Ia 4500 | ||
|---|---|---|---|
| 008 | 090201s9999 xx 000 0 und d | ||
| 010 | _aKPL-22226 | ||
| 040 | _bमराठी | ||
| 041 | _aमराठी | ||
| 082 |
_a13156 _b22226 |
||
| 100 | _aअशोक शहाणे | ||
| 245 |
_aजन अरण्य _cअशोक शहाणे |
||
| 260 |
_c2004 _bअमेय प्रकाशन |
||
| 300 |
_a226 _bमोठा |
||
| 600 | _aजन अरण्य | ||
| 942 | _cBOOK | ||
| 999 |
_c213384 _d213384 |
||